1090 1762 1679 1949 1635 1285 1444 1967 1405 1570 1226 1132 1438 1681 1664 1286 1597 1604 1802 1110 1417 1780 1901 1069 1540 1260 1238 1100 1214 1764 1647 1631 1098 1520 1787 1336 1027 1064 1862 1234 1774 1168 1887 1688 1049 1978 1501 1942 1843 1499 1092 1833 1951 1048 1030 1213 1778 1816 1651 1765 1955 1398 1352 1054 1801 1824 1388 1013 1553 1150 1345 1388 1745 1787 1706 1096 1295 1115 1834 1842 1724 1528 1322 1450 1604 1459 1964 1071 1049 1104 1411 1416 1695 1353 1703 1162 1860 1539 1231 BCNSPRNW ULIB Ver.6.0+V

เปลี่ยนเป็นภาษาไทย

Change to English
 แสดงรายละเอียดบรรณานุกรม
  กลับหน้าหลัก

Brief Record : Get Marc (ISO 2709) : E-mail record : QR code < ปิดหน้าต่าง
LEADER : 00000nam 2200000uu 4500
001    13399126101
003     ULIB
008    020711s2018 th a 000 0 eng d
020    ^a9780323399166
060    ^aQV4^bM129P
100    ^aLinda E. McCuistion, Kathleen Vuljon-DiMaggio, Mary B. Winton and Jennifer J. Yeager.
245    ^aPharmacology : A Patient-Centered Nursing Process Approach/^cLinda E. McCuistion, Kathleen Vuljon-DiMaggio, Mary B. Winton and Jennifer J. Yeager
250    ^a9th ed
260    ^aLouis, Missouri :^bElsevier Limited,^c2018
300    ^a918 pages;^b30 cm
650    ^aPhramacological Phenomena
650    ^aPhramaceutical Preparation
650    ^aDrug Therapy
945    ^p3204^l0^i004124
999    ^aวรรณษา ชูชัยมงคล
รายการนี้ยังไม่มีแท็ก
คุณยังไม่ได้ล็อกอิน คุณสามารถมีกิจกรรมร่วมกับเว็บไซต์ได้ แต่ต้องล็อกอินก่อน ::
  ล็อกอิน

รายการสื่อสารสนเทศ

ลำดับที่ ประเภท เลขเรียก/บาร์โค้ด สถานที่ สถานะ
1. วิทยาศาสตร์การแพทย์ และสุขภาพ
หนังสือสำรอง
สถานะ=หนังสือสำรอง
QV4 M129P ฉ.1 
  Barcode: 004124
ห้องสมุดวิทยาเขตสวรรค์ประชารักษ์
►หนังสือทั่วไป
บนชั้น

รายการใกล้เคียง
    ผู้แต่ง [Linda E. McCuistion, Kathleen Vuljon-DiMaggio, Mary B. Winton and Jennifer J. Yeager.]

    หัวเรื่อง [Phramacological Phenomena]
    หัวเรื่อง [Phramaceutical Preparation]
    หัวเรื่อง [Drug Therapy]

BibComment


ยังไม่เคยถูกคอมเมนท์

คอมเมนท์ทรัพยากรรายการนี้
  คอมเมนท์: Pharmacology A ..


 Copyright 2026. Bcnsprnw @Library